Joji Charting Songs (Billboard Hot 100) - Statistics

General Stats
  • This quiz has been taken 233 times
    12 since last reset
  • The average score is 5 of 7
Answer Stats
Album Weeks On Peak Artist(s) Song % Correct
Piss in the Wind 4 Weeks #38 Joji Pixelated Kisses
100%
SMITHEREENS 20 Weeks #8 Joji Glimpse of Us
90%
BALLADS 1 13 Weeks #69 Joji SLOW DANCING IN THE DARK
90%
SMITHEREENS 3 Weeks #53 Joji Die For You
70%
Nectar 1 Week #80 Joji Sanctuary
70%
Piss in the Wind 1 Week #79 Joji Past Won't Leave My Bed
60%
Nectar 1 Week #68 Joji Run
50%
No matching quizzes found
Score Distribution
Percent of People with Each Score
Percentile by Number Answered
Your Score History
You have not taken this quiz since the last reset